Kartini : The Complete Writings, 1898-1904.

Bibliographic Details
Main Author: Coté, Joost.
Other Authors: Kartini, Raden Ajeng.
Format: eBook
Language:English
Published: Melbourne : Monash University Publishing, 2014.
Edition:1st ed.
Series:Monash Asia Series
Subjects:
Online Access:Click to View
LEADER 01528nam a22003973i 4500
001 EBC6978188
003 MiAaPQ
005 20231204023224.0
006 m o d |
007 cr cnu||||||||
008 231204s2014 xx o ||||0 eng d
020 |a 9781922235114  |q (electronic bk.) 
020 |z 9781922235107 
035 |a (MiAaPQ)EBC6978188 
035 |a (Au-PeEL)EBL6978188 
035 |a (OCoLC)909904194 
040 |a MiAaPQ  |b eng  |e rda  |e pn  |c MiAaPQ  |d MiAaPQ 
082 0 |a 305.4209598 
100 1 |a Coté, Joost. 
245 1 0 |a Kartini :  |b The Complete Writings, 1898-1904. 
250 |a 1st ed. 
264 1 |a Melbourne :  |b Monash University Publishing,  |c 2014. 
264 4 |c {copy}2014. 
300 |a 1 online resource (902 pages) 
336 |a text  |b txt  |2 rdacontent 
337 |a computer  |b c  |2 rdamedia 
338 |a online resource  |b cr  |2 rdacarrier 
490 1 |a Monash Asia Series 
588 |a Description based on publisher supplied metadata and other sources. 
590 |a Electronic reproduction. Ann Arbor, Michigan : ProQuest Ebook Central, 2023. Available via World Wide Web. Access may be limited to ProQuest Ebook Central affiliated libraries.  
655 4 |a Electronic books. 
700 1 |a Kartini, Raden Ajeng. 
776 0 8 |i Print version:  |a Coté, Joost  |t Kartini  |d Melbourne : Monash University Publishing,c2014  |z 9781922235107 
797 2 |a ProQuest (Firm) 
830 0 |a Monash Asia Series 
856 4 0 |u https://ebookcentral.proquest.com/lib/matrademy/detail.action?docID=6978188  |z Click to View